[Event "GER-ch 2012-A-F serv"]
[Site "GER email"]
[Date "2012.??.??"]
[Round "?"]
[White "Drobka, Manfred"]
[Black "Mehaux, Heiko"]
[Result "1/2-1/2"]
[WhiteElo "2099"]
[BlackElo "2076"]
[PlyCount "66"]
[EventDate "2012.04.08"]
[EventType "tourn (corr)"]
[EventRounds "10"]
[EventCountry "GER"]
[SourceTitle "Corr 2015"]
[Source "ChessBase"]
[SourceDate "2015.07.17"]
[SourceVersion "1"]
[SourceVersionDate "2015.07.17"]
[SourceQuality "1"]

1. e4 c5 2. Nf3 d6 3. d4 cxd4 4. Nxd4 Nf6 5. Nc3 Nc6 6. Bg5 e6 7. Qd2 Be7 8. 0-0-0 0-0 9. f3 Nxd4 10. Qxd4 a6 11. h4 Qc7 12. Be3 h5 13. Qb6 Qxb6 14. Bxb6 Bd7 15. Bc7 Ne8 16. Ba5 Bc6 17. Bb4 Bf6 18. Ne2 Be5 19. Nd4 Rc8 20. Rh3 Bd7 21. Ne2 Bc6 22. c3 a5 23. Bxa5 Ra8 24. Bb4 Rxa2 25. Kb1 Ra7 26. Kc2 Ba4+ 27. b3 Bb5 28. Nc1 Bxf1 29. Rxf1 f5 30. Nd3 Rf7 31. Nxe5 dxe5 32. Kb2 fxe4 33. Re1 Nf6 1/2-1/2